zpět

Detail výsledku týmu

R.A.M., Jablonec nad Nisou

Datum a čas kvízu

30.5 Celkem bodů Celkový počet nahraných bodů na tomto kvízu bez doplňovacích otázek.
5. Pořadí na kvízu Konečné umístění týmu na tomto kvízu.

Zaznamenané odpovědi

# Otázka Odpověď Body Výsledky
1. Vozidla taxislužeb již zřejmě... taxametrem 1
2. Jak se nazývá země, která v re... Pákistán 0
3. Dlouho očekávané tmavé téma do... Messenger 0
4. Irský oděvní řetězec, populárn... Primark 1
5. Norský biatlonista Johannes Th... na střelnici vystřelil méněkrát, než je povoleno 1
6. Praha, Plzeň, Pardubice, Příbr... Prachatice 1
7. Francium, rubidium, cesium, dr... lithium (Li) 1
8. Schillerová, Babiš, Kalousek,... Jan Fischer 0
9. Bohdalová, Kubišová, Rettigová... Božena Němcová 0
10. Komedie omylů, Zkrocení zlé že... Mnoho povyku pro nic 0